Bura aadmi / (Record no. 47276)

MARC details
000 -LEADER
fixed length control field 01141njm a22002897a 4500
005 - DATE AND TIME OF LATEST TRANSACTION
control field 20100913100347.0
007 - PHYSICAL DESCRIPTION FIXED FIELD--GENERAL INFORMATION
fixed length control field sd ammalaaahaa
008 - FIXED-LENGTH DATA ELEMENTS--GENERAL INFORMATION
fixed length control field 100913t xxu||||| |||| 00| 0 hin d
028 ## - PUBLISHER NUMBER
Publisher number SH - 28 R
Source Super Hits
035 ## - SYSTEM CONTROL NUMBER
System control number GR-04529
040 ## - CATALOGING SOURCE
Original cataloging agency SED/VEN
100 ## - MAIN ENTRY--PERSONAL NAME
9 (RLIN) 19606
Personal name Kishore Kumar
245 ## - TITLE STATEMENT
Title Bura aadmi /
Medium [sound recording] :
Statement of responsibility, etc by Kishore Kumar ; music by Bappi Lahiri ; lyric by Indeevar
246 ## - VARYING FORM OF TITLE
Title proper/short title बुरा आदमी (किशोर कुमार)
260 ## - PUBLICATION, DISTRIBUTION, ETC. (IMPRINT)
Place of publication, distribution, etc Dum Dum, India
Name of publisher, distributor, etc Super Hits
Date of publication, distribution, etc 1983
300 ## - PHYSICAL DESCRIPTION
Extent 1 sound disc [Gramophone record] :
Other physical details analog, 33.1/3 rpm
Dimensions 12 in. (LP)
Type of unit Gramophone record
500 ## - GENERAL NOTE
General note Brief record.
500 ## - GENERAL NOTE
General note Super Hits
500 ## - GENERAL NOTE
General note Orange
505 ## - FORMATTED CONTENTS NOTE
Formatted contents note Part.1 Lafda karega bankas karega (Bura aadmi) (Kishore Kumar), Part. 2 Woh to daya ki thi ek moorat (Chandrani Mukherjee)
650 ## - SUBJECT ADDED ENTRY--TOPICAL TERM
General subdivision Excerpts
Geographic subdivision India
9 (RLIN) 19607
Form subdivision Filmi song
Topical term or geographic name as entry element Classical music
700 ## - ADDED ENTRY--PERSONAL NAME
9 (RLIN) 20331
Personal name Mukherjee, Chandrani
700 ## - ADDED ENTRY--PERSONAL NAME
Personal name Lahiri, Bappi
9 (RLIN) 20941
700 ## - ADDED ENTRY--PERSONAL NAME
Personal name Indeevar
9 (RLIN) 20952
942 ## - ADDED ENTRY ELEMENTS (KOHA)
Source of classification or shelving scheme Dewey Decimal Classification
Item type Gramaphone Records
Holdings
Withdrawn status Lost status Source of classification or shelving scheme Damaged status Not for loan Home library Current library Date acquired Source of acquisition Total Checkouts Barcode Date last seen Copy number Price effective from Koha item type
    Dewey Decimal Classification   Not For Loan Central Library Central Library 21/09/2010 SED/VEN   GR-04529 21/09/2010 1 21/09/2010 Gramaphone Records

© Delhi Public Library
Hit Counter
free hit counter